| 000 | 00756nam a2200205 i 4500 | ||
|---|---|---|---|
| 001 | 164524 | ||
| 003 | ES-MaACL | ||
| 005 | 20240228210421.0 | ||
| 008 | 931025s1836 sp |||| | spa d | ||
| 040 |
_aAS _bspa _cPAB |
||
| 100 | 1 |
_aSan Miguel, Evaristo, _d1785-1862 _9132380 |
|
| 245 | 1 | 0 |
_aDe la guerra civil de España / _cpor Evaristo San Miguel. |
| 260 |
_aMadrid : _b[s.n.], _c1836 ( _fImprenta de don Miguel de Burgos) |
||
| 300 |
_a101 p. ; _c17 cm. |
||
| 530 | _aDisponible en formato digital. | ||
| 651 | 4 |
_aEspaña- _xHistoria- _y1833-1840, Guerra carlista _98250 |
|
| 852 |
_aES-MaACL _jG-238 _z-- Rust. |
||
| 856 |
_uhttp://bdh-rd.bne.es/viewer.vm?id=0000038832&page=1 _zBiblioteca Digital Hispánica |
||
| 999 |
_c164524 _d164524 |
||